Loading...
Fine Arts - Classical Music | 4 | 17.50 | 100% | 75% | 0% |
Fine Arts - Other Fine Arts | 4 | 17.50 | 75% | 75% | 25% |
Fine Arts - Visual Fine Arts | 3 | 13.33 | 100% | 33% | 0% |
Geography/Current Events | 2 | 5.00 | 50% | 0% | 0% |
History - American History | 4 | 15.00 | 75% | 50% | 25% |
History - European History | 2 | 10.00 | 50% | 50% | 0% |
History - Other History | 7 | 8.57 | 71% | 0% | 14% |
History - World History | 4 | 10.00 | 75% | 25% | 0% |
Literature - American Literature | 2 | 10.00 | 100% | 0% | 0% |
Literature - British Literature | 5 | 10.00 | 80% | 20% | 0% |
Literature - European Literature | 3 | 13.33 | 100% | 33% | 0% |
Literature - World/Other Literature | 4 | 10.00 | 75% | 25% | 0% |
Mythology | 5 | 16.00 | 140% | 20% | 0% |
Other Academic | 2 | 20.00 | 100% | 100% | 0% |
Philosophy | 6 | 15.00 | 50% | 50% | 50% |
Religion | 3 | 10.00 | 67% | 0% | 33% |
Science - Biology | 4 | 10.00 | 75% | 25% | 0% |
Science - Chemistry | 4 | 10.00 | 75% | 25% | 0% |
Science - Other Science | 2 | 25.00 | 100% | 100% | 50% |
Science - Physics | 3 | 16.67 | 100% | 67% | 0% |
Social Science | 3 | 10.00 | 100% | 0% | 0% |
World/Other Literature> | 1 | 10.00 | 100% | 0% | 0% |